000 01880cam a22006014i 4500
003 PE-LiUPU
005 20250731170427.0
008 190313s2015 mx a rb 001 0 spa d
020 _a6071722977
020 _a9786071722973
035 _a(Sirsi) a251943
040 _aPE-LiUPU
_bspa
_cPE-LiUPU
_erda
049 _aPRUA
082 0 4 _a150.198
_220
100 1 _aVargas Téllez, Juan Alberto,
_eautor.
245 1 0 _aAcompañamiento Psicológico :
_buna visión humanista /
_cJuan Alberto Vargas Téllez.
250 _aPrimera edición.
264 1 _aMéxico :
_bTrillas,
_c2015.
300 _a134 páginas :
_bilustraciones ;
_c23 centímetros
336 _atext
_2rdacontent
337 _aunmediated
_2rdamedia
338 _avolume
_2rdacarrier
504 _aBibliografía: página 127-129.
504 _aÍndice: páginas 131-134.
505 0 _aLa psicología humanista -- Acompañamiento y psicoterapia -- Centro de desarrollo humano para la comunidad de la universidad de la Salle Bajío -- Fundamentos del modelo de acompañamiento del Cedehc -- Descripción del modelo de acompañamiento psicológico -- El modelo de acompañamiento en la práctica.
526 _aSEG68
526 _aSEG70
526 _aSEG69
526 _aSEG67
526 _aSEG43
526 _aP144
526 _aP143
526 _aP131
526 _aP122
526 _aP120
526 _aP117
526 _aP112
526 _aP110
526 _aP106
526 _aP101
526 _aP80
526 _aP59
526 _aP54
526 _aP35
526 _aP33
526 _aP30
650 1 4 _aPsiocología humanista.
650 2 4 _aOrientación humanista.
910 _adbm
942 _2ddc
_cBK
999 _c31206
_d31206
980 _81
_gALBERTO SANCHEZ Responsable de Automatización